000 02875nam a22003617a 4500
003 DO-SdBNP
005 20260305074000.0
007 ta
008 110301s2002 dr ac e 000 0 spa d
020 _a9993483184
040 _aDO-SdBNP
_bspa
_cBNPHU
041 _aspa
_deng
082 4 _a709.7293
_bG377s
_222
100 1 _aGerón, Candido,
_d1948-
_93577
245 1 0 _aSiglo XX en las artes visuales dominicanas = The XX century in dominican visual arts /
_cCándido Gerón ; traducción, Altagracia Amelia Cabral ; fotografías, Luis Nova, Ricardo Thorman, Rubén Román, Víctor Eugenio Cortina.
246 _aThe XX century in dominican visual arts
260 _aSanto Domingo :
_bCorripio,
_c2002.
300 _a3 v.. :
_bil., fots., retrs. ;
_c32 cm.
500 _aTexto en inglés y español
505 0 _tIntroducción, p. 63 --
_tPrimeros atisbos vanguardistas, p. 71 --
_tEl signo Jaime Colson y la estética del sacrificio a partir de 1930, p. 77 --
_tLa generación del 40, p. 83 --
_tFundación de la escuela nacional de Bellas Artes, p. 99 --
_tLo mejor de la generación del 50, p. 105 --
_tGeneración del 60, p. 135 --
_tEscuelas, academias y otros movimientos, p. 161 --
_tLa acuarela y el dibujo, p. 167 --
_tPaisajistas notables, p. 177 --
_tRetratistas importantes, p. 187 --
_tLa cerámica, p. 209 --
_tLa escultura, p. 211 --
_tMuralistas importantes, p. 219 --
_tContribución de artistas extranjeros al arte dominicano, p. 221 --
_tHistoria de la fotografía en Santiago de los Caballeros, p. 243 --
_tLa fotografía como realidad y arte, p. 247 --
505 0 _av. 2 --
_tIntroducción, p. 5 --
_tGeneración de los 70, p. 13 --
_tLa gravitación de los artistas independientes, p. 65 --
_tLa generación del 80, p. 81 --
_tGeneración de los 90, p. 157 --
_tOrígenes y evolución de la arquitectura dominicana, p. 173 --
_tHistoria y aportes de las galerías de arte, p. 209 --
_tMuseo de Arte Moderno, p. 229 --
_tMuseo Bellapart, p. 231 --
_tChavón y sus aportes, p. 241 --
_tColeccionistas, p. 243 --
_tLos aportes de la crítica de arte, p. 245 --
_tAsociación Dominicana de críticos de arte (ADCA), p. 249 --
_tColegio de artistas plásticos, p. 253 --
_tBienales nacionales, p. 255 --
_tBienales del caribe, p. 261 --
_tConcursos de arte E. León Jimenes, p. 263 --
505 0 _av. 3 --
_tBiografías de los principales artistas de la plástica dominicana (1844-2000), p. 79
590 _aInventariado, 2022/ YL
650 4 _aArte dominicano
_ySiglo XX
_923012
650 4 _aArtistas dominicanos
_ySiglo XX
_982481
_vBiografías
_vDiccionarios
700 1 _aCabral, Altagracia Amelia
_etr.
_981436
700 1 _aNova, Luis
_efots.
_981437
700 1 _aThorman, Ricardo
_efots.
_959363
700 1 _aRomán, Rubén
_efots.
_980716
700 1 _aCortina, Víctor Eugenio
_efot.
_943781
910 _aYLockward/Validado. Control de calidad MFF
942 _2ddc
_cLBS1
999 _c52511
_d52511